| 000 | 00769nam a2200229Ia 4500 | ||
|---|---|---|---|
| 003 | OSt | ||
| 005 | 20220918171644.0 | ||
| 006 | a|||||r|||| 00| 0 | ||
| 007 | ta | ||
| 008 | 220917b |||||||| |||| 00| 0 eng d | ||
| 020 |
_a9788125036937 (hbk) _c795 |
||
| 024 | _a239,974 | ||
| 037 |
_b27946, 07/07/2009, Segment Book Distributors _cTextual |
||
| 040 |
_aARTS _cARTS _beng |
||
| 041 |
_2eng _aeng |
||
| 082 | _aO111944:g, P9 | ||
| 245 | 0 |
_aG N Devy Reader _b After amnesia of many heroes the being of bhasha countering violence |
|
| 260 |
_aNew Delhi _bOrient Blackswan Private Limited India _c2009 |
||
| 650 | _aENGLISH LITERATURE | ||
| 942 |
_hO111944:g, P9 _cTEXL _2CC |
||
| 999 |
_c140758 _d140758 |
||